• 首页
  • 本馆介绍
  • 公告通知
  • 最新文献
  • 馆藏检索
  • 电子资源
  • 读者导购
  • 参考咨询
  • 我的图书馆
  • 登录
  • 详细信息显示
  • 放入我的书架
  • 预约/预借图书
  • 作者相关作品
  • 分类相关作品
  • 丛书相关作品
  • 出版社相关作品

书目信息

  • 表格格式
  • 工作单格式
  • 卡片格式
题名:
财富的真谛
    
 
作者: 田广研 著
分册:  
出版信息: 北京   中国社会科学出版社  2013
页数: 120页
开本: 24cm
丛书名:
单 册:
中图分类: F014.4
科图分类:
主题词: 国民财富--研究 , 国民财富
电子资源:
ISBN: 978-7-5161-3785-7
000 01064nam0 2200253 450
001 524
005 20140908143650.64
010    @a978-7-5161-3785-7@dCNY30.00
100    @a20140228d2013 em y0chiy50 ea
101 0  @achi
102    @aCN@b110000
105    @ay z 000yy
106    @ar
200 1  @a财富的真谛@ACai Fu De Zhen Di@dThe true essence of wealth@f田广研著@FTian Guang Yan Zhu@zeng
210    @a北京@c中国社会科学出版社@d2013
215    @a120页@d24cm
330    @a本书深化和扩大了人们及社会对财富的认识;揭示了财富的存在及本质,财富的类别、形式及演进;对个人、家庭、企业、国家、社会及人类各个主体财富的构成、来源及用途进行了深入的分析;阐述了财富的双面性,财富与道德、财富异化的内容及其影响;对财富在现实生活中的增加、减少及变动,从智慧的角度给予了剖析;对财富的困境及未来发展的憧憬进行全面的描述和解释。
510 1  @aTrue essence of wealth@zeng
606 0  @a国民财富@x研究
606 0  @a国民财富
690    @aF014.4@v5
701  0 @a田广研@ATian Guang Yan@f(1957~)@4著
801  0 @aCN@bTANGWEI@c20140603
905    @b0839194-96@dF014.4@e445@f3
    
    财富的真谛=The true essence of wealth/田广研著.-北京:中国社会科学出版社,2013
    120页;24cm
    
    
    ISBN 978-7-5161-3785-7:CNY30.00
    本书深化和扩大了人们及社会对财富的认识;揭示了财富的存在及本质,财富的类别、形式及演进;对个人、家庭、企业、国家、社会及人类各个主体财富的构成、来源及用途进行了深入的分析;阐述了财富的双面性,财富与道德、财富异化的内容及其影响;对财富在现实生活中的增加、减少及变动,从智慧的角度给予了剖析;对财富的困境及未来发展的憧憬进行全面的描述和解释。
●
相关链接 在E读中查询图书 在五车中查询图书 在当当中查询图书 在豆瓣中查询图书


正题名:财富的真谛     索取号:F014.4/445         预约/预借

序号 登录号 条形码 馆藏地/架位号 状态 备注
1 0839194   208391943   第一样本阅览室/ [索取号:F014.4/445] 在馆    
2 0839195   208391952   经管系资料室/ [索取号:F014.4/445] 在馆    
3 0839196   208391961   第一借阅区/ [索取号:F014.4/445] 在馆    
唐山师范学院图书馆 欢迎您!
大连网信软件有限公司© 版权所有